000 00452nam a2200181Ia 4500
008 090124s9999 xx 000 0 und d
082 _b16403
_a3844
100 _aसाठे अण्णाभाऊ
245 _a आग
250 _a1
260 _c1967
300 _a114
600 _aसाठे अण्णाभाऊ
630 _a आग
700 _aसाठे अण्णाभाऊ
730 _a आग
942 _cBOOK
999 _c130343
_d130343